MARC

LEADER 00000nab a2200000 ar4500
001 vtls009350623
003 SK-MaSNL
005 20260303054846.0
008 171109c2008 xo cr|p|||||||000 b|slo
038 |a PPPK 
040 |a PPPKCL  |b slo  |c PPPK  |e AACR2 
041 0 |a slo 
044 |a xo  |c SK 
080 |a 796.6.093  |2 2001 
080 |a 929 Suchá, Radka  |2 2001 
245 0 0 |a Radka Suchá v celoštátnom kole tretia  |c [autor] (pšp) ; foto Jozef Pavlík 
300 |b Fotogr. 
600 1 7 |a Suchá, Radka  |2 pppkcl  |9 1049474 
610 2 7 |a Základná škola, Francisciho (Poprad, Slovensko)  |2 pppkcl  |9 1048779 
611 2 7 |a Národná cyklistická súťaž o Pohár olympijského víťaza Antona Tkáča  |n (6. :  |d 2008 :  |c Kremnica, Slovensko)  |2 pppkcl  |9 1033789 
650 0 7 |a šport  |2 snkbucl  |9 1042 
650 0 7 |a cyklistika  |2 pppkcl  |9 3263 
650 0 7 |a cyklistické preteky  |2 pppkcl  |9 69581 
651 7 |a Poprad (Slovensko)  |2 pppkcl  |9 20155 
651 7 |a Kremnica (Slovensko)  |2 pppkcl  |9 26188 
651 7 |a Žiar nad Hronom (Slovensko : okres)  |2 pppkcl  |9 17733 
773 0 |t Poprad : noviny občanov mesta  |g Roč. XIX, č. 76 (2008), s. 4 
852 |a PPPK  |b KIS3GCP 
999 |c 1724939  |d 1726869